Lana Condor Filmography - Statistics

General Stats
  • This quiz has been taken 8 times
    2 since last reset
  • The average score is 5 of 31
Answer Stats
Type Year Name % Correct
Film 2019 Alita: Battle Angel
100%
Film 2026 Coyote v. Acme
100%
Film 2016 Patriots Day
100%
Film 2023 Ruby Gillman, Teenage Kraken
100%
Web Mini-Series 2022 Boo, B***h
50%
TV Show 2024 Abbott Elementary
0%
Film TBA Ballerina Overdrive
0%
Web Series 2019 BoJack Horseman
0%
TV Show 2018-2019 Deadly Class
0%
Web Series 2025 Dinner Time Live with David Chang
0%
TV Show 2025 Elsbeth
0%
Podcast 2023 Evergreen
0%
TV Film 2017 High School Lover
0%
Web Series 2024 Is It Cake?
0%
Commercial 2018 Maybelline
0%
Film 2022 Moonshot
0%
Web Series 2020 Nailed It!
0%
Commercial 2020 Neutrogena
0%
Web Series 2019 Rilakkuma and Kaoru
0%
Web Series 2022 Rilakkuma's Theme Park Adventure
0%
TV Show 2019 SpongeBob SquarePants
0%
Film 2019 Summer Night
0%
Web Series 2021 Thanks a Million
0%
Film TBA The Devil's Mouth
0%
Film 2021 To All the Boys: Always and Forever
0%
Film 2018 To All the Boys I've Loved Before
0%
Film 2020 To All the Boys: P.S. I Still Love You
0%
Film 2025 Valiant One
0%
Film TBA Whodunnit
0%
Film 2025 Worth the Wait
0%
Film 2016 X-Men: Apocalypse
0%
No matching quizzes found
Score Distribution
Percent of People with Each Score
Percentile by Number Answered
Your Score History
You have not taken this quiz since the last reset